Statistics for Missing Lyrics - Niall Horan - This Town

Click here to take the quiz!

General Stats

  • This quiz has been taken 683 times
  • The average score is 18 of 21

Answer Stats

Answer% Correct
The smell of your perfume still {stuck} in the air. It's hard
95%
And I remember everything, from when we were the {children} playing in this fairground
91%
If the {whole world} was watching I’d still dance with you
91%
Waking up to {kiss you} and nobody's there
90%
Everything comes {back to you}
89%
Everything comes {back to you}
89%
So far from the {stars}
89%
It's funny how things {never change} in this old town
88%
And I want to tell you everything, the words I never got to say the {first time} around
87%
I saw that you moved on with {someone new}
86%
Them {butterflies} they come alive when I’m next to you
85%
You still make me {nervous} when you walk in the room
84%
{Over and over} the only truth
83%
{Over and over} the only truth
83%
Yesterday I thought I saw {your shadow} running round
83%
Drive highways and {byways} to be there with you
80%
In the pub that we met he’s got {his arms} around you. It’s so hard, so hard
80%
Wish {I was there} with you now
75%
That I {can’t move on}
72%
And I know that it’s {wrong}
71%
But there’s something {about you}
71%

Score Distribution

Percentile by Number Answered

Percent of People with Each Score

Your Score History

You have not taken this quiz